[Event "European zonal 2"]
[Site "Helsinki FIN"]
[Date "1972.??.??"]
[Round "4"]
[White "Saren, Ilkka"]
[Black "Ogaard, Leif"]
[Result "0-1"]
[WhiteElo "2200"]
[BlackElo "2340"]
[EventDate "1972.07.25"]
[PlyCount "80"]

1.e4 c5 2.Nf3 e6 3.d4 cxd4 4.Nxd4 Nc6 5.Nc3 Qc7 6.g3 a6 7.Bg2 Nf6 8.O-O d6
9.Re1 Bd7 10.Nxc6 Bxc6 11.Nd5 Bxd5 12.exd5 e5 13.a4 a5 14.f4 Be7 15.Qe2 
Nd7 16.Ra3 O-O 17.Rc3 Qd8 18.Qb5 Bf6 19.Rd3 Re8 20.Rdd1 Qe7 21.Be3 exf4 
22.Bxf4 Be5 23.Be3 f5 24.c4 Rac8 25.Rc1 b6 26.Bf1 Nc5 27.Rcd1 Rb8 28.Bh3 
Qf7 29.Bg2 Qf6 30.Bc1 h5 31.Bf4 Re7 32.Bxe5 Rxe5 33.h3 Qe7 34.Rf1 Re2 35.
Rxf5 Qe3+ 36.Kh1 Ne4 37.Rf3 Nxg3+ 38.Rxg3 Qxg3 39.Rg1 Rf8 40.Qxb6 Rxg2 0-1

[Event "European zonal 2"]
[Site "Helsinki FIN"]
[Date "1972.??.??"]
[Round "4"]
[White "Torvaldsson, Jonas"]
[Black "Timman, Jan"]
[Result "1/2-1/2"]
[WhiteElo "2390"]
[BlackElo "2325"]
[EventDate "1972.07.25"]
[PlyCount "156"]

1.Nf3 g6 2.g3 Bg7 3.Bg2 e5 4.d3 Ne7 5.O-O O-O 6.c4 c6 7.Nc3 d5 8.cxd5 cxd5
9.e4 d4 10.Ne2 Nbc6 11.Ne1 Be6 12.f4 f6 13.Nf3 Kh8 14.fxe5 fxe5 15.Ng5 Bg8
16.Rxf8 Qxf8 17.Bd2 h6 18.Nf3 Be6 19.Qa4 b5 20.Qc2 Rc8 21.Qc5 a5 22.Nh4 
Kh7 23.Rf1 Qd8 24.Nf3 Nb4 25.Qxb5 Bd7 26.Qb7 Rb8 27.Qa7 Nec6 28.Qc5 Nxd3 
29.Qd6 Rxb2 30.Nc1 Nxc1 31.Rxc1 Qe8 32.h4 Rxa2 33.h5 gxh5 34.Bf1 Qf7 35.
Be2 Bg4 36.Rxc6 Bxf3 37.Bc4 Qxc4 38.Rxc4 Rxd2 39.Rc7 Rg2+ 40.Kf1 Rxg3 41.
Kf2 Rg6 42.Qxe5 Bg4 43.Qxd4 Rg5 44.e5 Kh8 45.Qd8+ Kh7 46.Re7 Rxe5 47.Rxe5 
Bxe5 48.Qxa5 Bf4 49.Qd5 Kg6 50.Qg8+ Kf6 51.Kg2 Bg5 52.Kg3 Ke5 53.Qf7 Ke4 
54.Qc4+ Ke5 55.Qf1 Ke4 56.Qc4+ Ke5 57.Kg2 Bf4 58.Qc5+ Ke4 59.Kf2 Bg5 60.
Qc4+ Ke5 61.Kg3 Be3 62.Qc3+ Ke4 63.Qb4+ Ke5 64.Qe7+ Kd4 65.Qd6+ Ke4 66.
Qe7+ Kd4 67.Qf6+ Ke4 68.Kg2 Bf4 69.Kf2 Be3+ 70.Kf1 Bf4 71.Ke1 Be3 72.Qc6+ 
Ke5 73.Qc3+ Ke4 74.Qc4+ Ke5 75.Kf1 Bg5 76.Kf2 Bf4 77.Qc7+ Ke4 78.Qe7+ Kd4 
1/2-1/2

[Event "European zonal 2"]
[Site "Helsinki FIN"]
[Date "1972.??.??"]
[Round "5"]
[White "Matanovic, Aleksandar"]
[Black "Hecht, Hans-Joachim"]
[Result "1/2-1/2"]
[WhiteElo "2515"]
[BlackElo "2485"]
[EventDate "1972.07.25"]
[PlyCount "81"]

1.e4 e5 2.Nf3 Nc6 3.Bb5 a6 4.Ba4 Nf6 5.O-O Be7 6.Re1 b5 7.Bb3 d6 8.c3 O-O 
9.h3 Nb8 10.a4 Bb7 11.axb5 axb5 12.Rxa8 Bxa8 13.d3 Nbd7 14.Na3 Qb8 15.Nc2 
Nc5 16.Ba2 h6 17.Ne3 Qa7 18.Bb1 Re8 19.b4 Ne6 20.Qb3 Bf8 21.Nd5 Nd7 22.Be3
Qb8 23.Bd2 c6 24.Ne3 Bb7 25.Ba2 Nf6 26.Nf5 Qc7 27.Qb1 Kh7 28.d4 g6 29.Ng3 
Bg7 30.Bb3 Nf4 31.Be3 Ne6 32.Qd3 Nf4 33.Qc2 Re7 34.Qd2 N4h5 35.Nxh5 Nxh5 
36.dxe5 dxe5 37.Bc5 Rd7 38.Bb6 Qc8 39.Qa2 Qe8 40.Re2 Nf4 41.Re3 1/2-1/2

[Event "European zonal 2"]
[Site "Helsinki FIN"]
[Date "1972.??.??"]
[Round "5"]
[White "Matulovic, Milan"]
[Black "Gheorghiu, Florin"]
[Result "0-1"]
[WhiteElo "2525"]
[BlackElo "2520"]
[EventDate "1972.07.25"]
[PlyCount "100"]

1.e4 c5 2.Nf3 d6 3.d4 cxd4 4.Nxd4 Nf6 5.Nc3 a6 6.Bg5 e6 7.f4 Nbd7 8.Bc4 
Qb6 9.Bb3 Be7 10.f5 Nc5 11.fxe6 fxe6 12.Be3 Qc7 13.O-O b5 14.Qf3 O-O 15.e5
dxe5 16.Qc6 Ra7 17.Qxc7 Rxc7 18.Nf5 Bd8 19.Bxc5 Rxc5 20.Nd6 Bd7 21.Nb7 
Rxc3 22.bxc3 Bb6+ 23.Kh1 Ne4 24.Rxf8+ Kxf8 25.a4 Bc6 26.Na5 Nf2+ 27.Kg1 
Ng4+ 28.Kh1 Be4 29.axb5 axb5 30.Bxe6 Ne3 31.h3 Ke7 32.Bg4 Nxg2 33.Kh2 Ne3 
34.Nb3 Bxc2 35.Ra6 Nxg4+ 36.hxg4 Be3 37.Na5 Bd1 38.Nc6+ Kf6 39.Kg3 Kg5 40.
Nd8 Bf4+ 41.Kf2 Kxg4 42.Ra7 h5 43.Rxg7+ Kf5 44.Nb7 e4 45.Rf7+ Kg4 46.Rg7+ 
Kh3 47.Nc5 e3+ 48.Ke1 Bf3 49.Nd3 Bg3+ 50.Rxg3+ Kxg3 0-1

[Event "European zonal 2"]
[Site "Helsinki FIN"]
[Date "1972.??.??"]
[Round "5"]
[White "Ogaard, Leif"]
[Black "Robatsch, Karl"]
[Result "1/2-1/2"]
[WhiteElo "2340"]
[BlackElo "2460"]
[EventDate "1972.07.25"]
[PlyCount "80"]

1.d4 Nf6 2.c4 c5 3.d5 e6 4.Nc3 exd5 5.cxd5 d6 6.Nf3 g6 7.e4 Bg7 8.Be2 O-O 
9.O-O Re8 10.Nd2 Nbd7 11.Re1 a6 12.a4 Ne5 13.Nf1 Rb8 14.Ne3 Ned7 15.Qc2 
Qe7 16.Nc4 Ne5 17.Bf4 Nxc4 18.Bxc4 Ng4 19.h3 Be5 20.Bxe5 Nxe5 21.Bf1 Qf6 
22.Re3 Bd7 23.a5 Kh8 24.Qb1 Rbc8 25.b4 cxb4 26.Qxb4 Rc7 27.Rb1 Rec8 28.Rb3
g5 29.Ne2 Bb5 30.Rbc3 Bxe2 31.Bxe2 Kg7 32.Rxc7 Rxc7 33.Qd2 h6 34.g3 Nc4 
35.Bxc4 Rxc4 36.Kg2 Qe5 37.f3 Qa1 38.Rb3 Qa4 39.Rb2 Rc5 40.Ra2 Qc4 1/2-1/2

[Event "European zonal 2"]
[Site "Helsinki FIN"]
[Date "1972.??.??"]
[Round "5"]
[White "Ribli, Zoltan"]
[Black "Saren, Ilkka"]
[Result "0-1"]
[WhiteElo "2505"]
[BlackElo "2200"]
[EventDate "1972.07.25"]
[PlyCount "90"]

1.Nf3 Nf6 2.g3 b6 3.Bg2 Bb7 4.O-O e6 5.c4 Be7 6.b3 O-O 7.Bb2 d5 8.e3 c5 9.
Nc3 Nbd7 10.Qe2 Rc8 11.Rfd1 Qc7 12.cxd5 Nxd5 13.Nxd5 Bxd5 14.e4 Bb7 15.d4 
cxd4 16.Nxd4 Rfd8 17.Rac1 Qb8 18.Nxe6 fxe6 19.Qg4 Nf6 20.Qxe6+ Kf8 21.e5 
Ne8 22.Bf1 Rxc1 23.Rxc1 Bc8 24.Qc4 Bb7 25.Qg4 Bd5 26.h4 Qb7 27.h5 Qd7 28.
Qf4+ Kg8 29.h6 g6 30.Bg2 Bxg2 31.Kxg2 Qd2 32.Qg4 Qxb2 33.Qe6+ Kf8 34.Rc4 
Rd4 35.Rc8 Rd2 36.Kh3 Rxf2 37.Rxe8+ Kxe8 38.Qc6+ Kf8 39.Qc8+ Kf7 40.Qc4+ 
Ke8 41.Qc6+ Kd8 42.Qa8+ Kd7 43.Qxa7+ Ke6 44.Qxb6+ Kf5 45.g4+ Kf4 0-1

[Event "European zonal 2"]
[Site "Helsinki FIN"]
[Date "1972.??.??"]
[Round "5"]
[White "Schmidt, Wlodzimierz"]
[Black "Andersson, Ulf"]
[Result "1/2-1/2"]
[WhiteElo "2450"]
[BlackElo "2510"]
[EventDate "1972.07.25"]
[PlyCount "86"]

1.c4 Nf6 2.Nf3 e6 3.g3 d5 4.Bg2 Be7 5.O-O O-O 6.d4 dxc4 7.Ne5 c5 8.dxc5 
Bxc5 9.Nc3 Nbd7 10.Nxc4 a6 11.Bf4 Ra7 12.Na4 b5 13.Nxc5 bxc4 14.Bd6 Re8 
15.Na4 Bb7 16.Qd4 Bxg2 17.Kxg2 Qa8+ 18.f3 Rc8 19.Rac1 Ne8 20.Bf4 Rc6 21.e4
h6 22.Rf2 g5 23.Be3 Rac7 24.e5 Qb7 25.b3 Qb5 26.Rfc2 cxb3 27.Rxc6 Rxc6 28.
Rxc6 Qxc6 29.axb3 Nc7 30.Nc3 Nb5 31.Nxb5 Qxb5 32.f4 g4 33.Qd1 h5 34.h3 
Qd5+ 35.Qxd5 exd5 36.hxg4 hxg4 37.Bd4 Nb8 38.Kf2 Nc6 39.Ke3 Ne7 40.Kd3 Kh7
41.Bf2 Kg6 42.Kd4 Kf5 43.Be1 Ke6 1/2-1/2

[Event "European zonal 2"]
[Site "Helsinki FIN"]
[Date "1972.??.??"]
[Round "5"]
[White "Westerinen, Heikki"]
[Black "Torvaldsson, Jonas"]
[Result "1-0"]
[WhiteElo "2450"]
[BlackElo "2390"]
[EventDate "1972.07.25"]
[PlyCount "99"]

1.e4 g6 2.d4 d6 3.Nc3 Bg7 4.Be3 Nf6 5.Qd2 O-O 6.f3 c6 7.a4 a5 8.O-O-O Na6 
9.Bh6 b5 10.axb5 cxb5 11.Bxb5 Qb6 12.h4 Nc7 13.Ba4 Rb8 14.b3 Qb4 15.Bxg7 
Kxg7 16.h5 Ne6 17.hxg6 fxg6 18.Qh6+ Kf7 19.Nge2 Ba6 20.Qe3 Rfc8 21.e5 dxe5
22.dxe5 Bxe2 23.Nxe2 Qa3+ 24.Kd2 Rd8+ 25.Ke1 Rxd1+ 26.Kxd1 Rd8+ 27.Ke1 
Qa1+ 28.Nc1 Nd4 29.Kf2 Nf5 30.Qf4 Rd4 31.Ne2 Qxh1 32.e6+ Kg7 33.Nxd4 Nh4 
34.Qg3 Nh5 35.Qh3 Qxh3 36.gxh3 Kf6 37.Bd7 Ke5 38.Nc6+ Kd6 39.Nxa5 Nf4 40.
Nc4+ Kc5 41.Kg3 g5 42.Kg4 h6 43.Ne3 Nfg6 44.c3 Ne5+ 45.Kh5 Nexf3 46.Kxh6 
Kd6 47.b4 Ke5 48.b5 Kd6 49.b6 Ne5 50.Nd5 1-0

[Event "European zonal 2"]
[Site "Helsinki FIN"]
[Date "1972.??.??"]
[Round "6"]
[White "Andersson, Ulf"]
[Black "Jakobsen, Ole"]
[Result "1/2-1/2"]
[WhiteElo "2510"]
[BlackElo "2310"]
[EventDate "1972.07.25"]
[PlyCount "102"]

1.e4 c5 2.Nf3 e6 3.d4 cxd4 4.Nxd4 Nc6 5.Nc3 a6 6.g3 Nge7 7.Nb3 Na5 8.Bf4 
Nec6 9.Bd6 Bxd6 10.Qxd6 Qe7 11.Qc7 Qd8 12.Qxd8+ Kxd8 13.f4 Nxb3 14.axb3 d6
15.Bg2 Bd7 16.O-O-O Kc7 17.Rd3 Rad8 18.Rhd1 Bc8 19.e5 dxe5 20.Bxc6 Rxd3 
21.Rxd3 Kxc6 22.fxe5 f6 23.Kd2 Rf8 24.Na4 Kc7 25.Ke3 Rf7 26.Nc5 Bd7 27.Rc3
Kb8 28.Rc4 fxe5 29.Rh4 h6 30.Nd3 Rf5 31.Re4 Bc6 32.Rxe5 Rxe5+ 33.Nxe5 Kc7 
34.Kd4 Be8 35.b4 Bb5 36.c4 Be8 37.h4 Kd6 38.g4 Bc6 39.g5 hxg5 40.hxg5 Be8 
41.c5+ Ke7 42.Nc4 Bc6 43.Nd6 Kd7 44.Ke5 Ke7 45.Nc4 Bd5 46.Ne3 Bb3 47.Ng2 
Ba2 48.Ne1 Kd7 49.Nc2 Bb3 50.Nd4 Bc4 51.Nf3 Bd5 1/2-1/2

[Event "European zonal 2"]
[Site "Helsinki FIN"]
[Date "1972.??.??"]
[Round "6"]
[White "Gheorghiu, Florin"]
[Black "Matanovic, Aleksandar"]
[Result "1/2-1/2"]
[WhiteElo "2520"]
[BlackElo "2515"]
[EventDate "1972.07.25"]
[PlyCount "36"]

1.c4 Nf6 2.Nf3 e6 3.g3 b6 4.Bg2 Bb7 5.O-O Be7 6.Nc3 O-O 7.d4 Ne4 8.Qc2 
Nxc3 9.Qxc3 c5 10.b3 d6 11.Bb2 Bf6 12.Rfd1 Qe7 13.Qd2 Rd8 14.Rac1 Nd7 15.
Ne1 Bxg2 16.Nxg2 cxd4 17.Bxd4 Nc5 18.Bxf6 Qxf6 1/2-1/2

[Event "European zonal 2"]
[Site "Helsinki FIN"]
[Date "1972.??.??"]
[Round "6"]
[White "Hennings, Artur"]
[Black "Ogaard, Leif"]
[Result "1/2-1/2"]
[WhiteElo "2475"]
[BlackElo "2340"]
[EventDate "1972.07.25"]
[PlyCount "82"]

1.e4 c5 2.Nc3 Nc6 3.Nf3 e6 4.d4 cxd4 5.Nxd4 a6 6.Be3 Qc7 7.Nb3 b5 8.Bd3 d6
9.f4 Nf6 10.Qf3 Bb7 11.a4 b4 12.Nb1 a5 13.N1d2 Be7 14.O-O O-O 15.Bf2 Nd7 
16.Qh3 g6 17.Bh4 Bxh4 18.Qxh4 Qd8 19.Qh3 e5 20.Nc4 Nf6 21.Qh4 Kg7 22.Rad1 
Qe7 23.Rf2 Ba6 24.Ne3 Bxd3 25.cxd3 Qe6 26.fxe5 dxe5 27.Rdf1 Nd7 28.Nd5 
Rac8 29.h3 f5 30.Rc2 Nf6 31.Nc5 Qd6 32.Nxf6 Rxf6 33.exf5 Rxf5 34.Rxf5 gxf5
35.Qg5+ Qg6 36.Qxg6+ Kxg6 37.Nb3 Ne7 38.Rxc8 Nxc8 39.Nxa5 Nb6 40.b3 Kf6 
41.Nc6 Nxa4 1/2-1/2

[Event "European zonal 2"]
[Site "Helsinki FIN"]
[Date "1972.??.??"]
[Round "6"]
[White "Radulov, Ivan"]
[Black "Westerinen, Heikki"]
[Result "1-0"]
[WhiteElo "2490"]
[BlackElo "2450"]
[EventDate "1972.07.25"]
[PlyCount "83"]

1.e4 Nf6 2.e5 Nd5 3.Nc3 Nxc3 4.dxc3 d6 5.Nf3 dxe5 6.Qxd8+ Kxd8 7.Nxe5 Ke8 
8.Bc4 e6 9.Be3 Nd7 10.Nd3 Bd6 11.O-O-O Ke7 12.Rhe1 b6 13.Bg5+ Nf6 14.f4 
Re8 15.Bd5 Rb8 16.Ne5 Kf8 17.Bc6 Rd8 18.g3 h6 19.Bh4 Kg8 20.c4 Bb7 21.Bxb7
Rxb7 22.Nc6 Ra8 23.Bxf6 gxf6 24.f5 e5 25.b4 Kg7 26.Re4 h5 27.h4 Rg8 28.Kd2
Kh6 29.Rg1 Rbb8 30.Nxb8 Bxb4+ 31.Ke2 Rxb8 32.g4 Rg8 33.Kf3 Bd2 34.Re2 Bb4 
35.Reg2 Re8 36.gxh5 e4+ 37.Ke2 Rh8 38.Rg8 Rxg8 39.Rxg8 Bc5 40.Rh8+ Kg7 41.
Rc8 Kh6 42.Rxc7 1-0

[Event "European zonal 2"]
[Site "Helsinki FIN"]
[Date "1972.??.??"]
[Round "6"]
[White "Saren, Ilkka"]
[Black "Robatsch, Karl"]
[Result "1-0"]
[WhiteElo "2200"]
[BlackElo "2460"]
[EventDate "1972.07.25"]
[PlyCount "82"]

1.e4 c5 2.Nf3 d6 3.d4 cxd4 4.Nxd4 Nf6 5.Nc3 Nc6 6.Bc4 Bd7 7.Bb3 g6 8.f3 
Nxd4 9.Qxd4 Bg7 10.Bg5 O-O 11.Qe3 b5 12.h4 b4 13.Ne2 a5 14.Bh6 Rc8 15.h5 
Bxh6 16.Qxh6 e6 17.Nf4 Qe7 18.g4 a4 19.g5 axb3 20.gxf6 Qxf6 21.hxg6 Qg7 
22.gxh7+ Kh8 23.Qxg7+ Kxg7 24.cxb3 Rc2 25.Nh5+ Kg6 26.Nf4+ Kg7 27.Nh5+ Kg6
28.Nf6 Kxf6 29.h8=Q+ Rxh8 30.Rxh8 Rxb2 31.Rb8 Rh2 32.Rd1 Rxa2 33.Rxd6 Ra7 
34.f4 Kg6 35.Rxb4 Kh5 36.Kf2 Kg4 37.Ke3 e5 38.f5 Be8 39.Rd1 Ra2 40.Rg1+ 
Kh3 41.Rb8 Kh2 1-0

[Event "European zonal 2"]
[Site "Helsinki FIN"]
[Date "1972.??.??"]
[Round "6"]
[White "Torvaldsson, Jonas"]
[Black "Schmidt, Wlodzimierz"]
[Result "0-1"]
[WhiteElo "2390"]
[BlackElo "2450"]
[EventDate "1972.07.25"]
[PlyCount "70"]

1.Nf3 Nf6 2.c4 g6 3.g3 Bg7 4.Bg2 d5 5.cxd5 Nxd5 6.O-O Nb6 7.d4 Nc6 8.Bf4 
Nd5 9.Ne5 Nxe5 10.Bxe5 f6 11.e4 fxe5 12.exd5 exd4 13.Nd2 O-O 14.Nb3 e6 15.
dxe6 Bxe6 16.Rc1 Rb8 17.Nc5 Bd5 18.Bh3 Re8 19.Re1 Qd6 20.b3 Rbd8 21.Nd3 b6
22.Nf4 Rxe1+ 23.Qxe1 Bh6 24.Nxd5 Bxc1 25.Bg2 Bg5 26.h4 Bf6 27.h5 c6 28.Nb4
d3 29.Nxd3 Qxd3 30.Qe6+ Kg7 31.h6+ Kxh6 32.Qxf6 Qd1+ 33.Kh2 Qd6 34.Qh4+ 
Kg7 35.Bxc6 Rf8 0-1

[Event "European zonal 2"]
[Site "Helsinki FIN"]
[Date "1972.??.??"]
[Round "7"]
[White "Jakobsen, Ole"]
[Black "Torvaldsson, Jonas"]
[Result "1-0"]
[WhiteElo "2310"]
[BlackElo "2390"]
[EventDate "1972.07.25"]
[PlyCount "57"]

1.Nf3 g6 2.e4 Bg7 3.d4 d6 4.Nc3 Nf6 5.Be2 O-O 6.O-O e5 7.dxe5 dxe5 8.Bg5 
Nbd7 9.Qc1 c6 10.a4 Qc7 11.Bh6 Nc5 12.Bxg7 Kxg7 13.Qe3 Ne6 14.h3 Nf4 15.
Rfd1 Nxe2+ 16.Nxe2 Re8 17.Ng3 h6 18.a5 c5 19.Qc3 Bd7 20.Rd2 Rac8 21.Rad1 
Bc6 22.Rd6 Qe7 23.Qe3 a6 24.Nh4 Qf8 25.Ngf5+ gxf5 26.Nxf5+ Kh7 27.Rxf6 Re6
28.Rd6 Rxd6 29.Nxd6 1-0

[Event "European zonal 2"]
[Site "Helsinki FIN"]
[Date "1972.??.??"]
[Round "7"]
[White "Matanovic, Aleksandar"]
[Black "Ribli, Zoltan"]
[Result "1/2-1/2"]
[WhiteElo "2515"]
[BlackElo "2505"]
[EventDate "1972.07.25"]
[PlyCount "88"]

1.e4 c5 2.Nf3 d6 3.d4 cxd4 4.Nxd4 Nf6 5.Nc3 e6 6.Be2 Be7 7.O-O O-O 8.f4 a6
9.Be3 Qc7 10.a4 Nc6 11.Kh1 Bd7 12.Nb3 b6 13.Bf3 Rab8 14.Qe2 Na5 15.Nd2 b5 
16.axb5 axb5 17.e5 Ne8 18.Qf2 d5 19.Ba7 Rb7 20.Bd4 b4 21.Na4 Bxa4 22.Rxa4 
Nc6 23.Nb3 Nxd4 24.Nxd4 Bc5 25.c3 g6 26.Qd2 Qb6 27.Be2 bxc3 28.bxc3 Qb2 
29.Rd1 Ng7 30.Bd3 Qxd2 31.Rxd2 Rc8 32.g3 Be7 33.c4 dxc4 34.Rxc4 Rxc4 35.
Bxc4 Rb4 36.Ba2 Rb6 37.Rc2 Ra6 38.Rc8+ Bf8 39.Bb3 Nf5 40.Nxf5 gxf5 41.Kg2 
Ra7 42.h3 Rb7 43.Bc4 Rb2+ 44.Kf3 h5 1/2-1/2

[Event "European zonal 2"]
[Site "Helsinki FIN"]
[Date "1972.??.??"]
[Round "7"]
[White "Matulovic, Milan"]
[Black "Saren, Ilkka"]
[Result "1/2-1/2"]
[WhiteElo "2525"]
[BlackElo "2200"]
[EventDate "1972.07.25"]
[PlyCount "112"]

1.e4 e5 2.Nf3 Nc6 3.Bb5 a6 4.Ba4 Nf6 5.O-O Be7 6.Re1 b5 7.Bb3 d6 8.c3 O-O 
9.h3 Na5 10.Bc2 c5 11.d4 Nd7 12.Nbd2 cxd4 13.cxd4 Nc6 14.Nb3 a5 15.Bd3 Ba6
16.d5 Nb4 17.Bf1 a4 18.a3 Nxd5 19.Qxd5 axb3 20.Bxb5 Nf6 21.Qd3 Bxb5 22.
Qxb5 Qb8 23.Qxb8 Raxb8 24.Bg5 Rfc8 25.Rac1 h6 26.Bxf6 Bxf6 27.Rxc8+ Rxc8 
28.Re3 Rc1+ 29.Kh2 Rc2 30.Rxb3 Rxf2 31.a4 d5 32.a5 Be7 33.a6 Bc5 34.Rb5 
Be3 35.exd5 Bf4+ 36.Kg1 Be3 37.Kh1 Rf1+ 38.Kh2 Bf4+ 39.g3 Be3 40.Nh4 g5 
41.Rb8+ Kh7 42.Rb3 Bd4 43.Rf3 Rb1 44.Nf5 Rxb2+ 45.Kh1 Rb1+ 46.Kg2 e4 47.
Rf1 Rb2+ 48.Kh1 Bb6 49.Re1 Ra2 50.Rxe4 Rxa6 51.Re2 Ra1+ 52.Kg2 Rd1 53.d6 
Bc5 54.Re7 Bxd6 55.Rxf7+ Kg6 56.Nxd6 Rxd6 1/2-1/2

[Event "European zonal 2"]
[Site "Helsinki FIN"]
[Date "1972.??.??"]
[Round "7"]
[White "Ogaard, Leif"]
[Black "Andersson, Ulf"]
[Result "1/2-1/2"]
[WhiteElo "2340"]
[BlackElo "2510"]
[EventDate "1972.07.25"]
[PlyCount "117"]

1.d4 Nf6 2.c4 e6 3.Nf3 Bb4+ 4.Bd2 Qe7 5.g3 O-O 6.Bg2 Bxd2+ 7.Qxd2 d6 8.Nc3
e5 9.O-O Re8 10.e4 a5 11.d5 Na6 12.Ne1 c6 13.Nd3 cxd5 14.cxd5 Bd7 15.Rfc1 
Rec8 16.f3 Qd8 17.Bf1 Ne8 18.Nd1 Nac7 19.N3f2 Nb5 20.Bxb5 Bxb5 21.Ne3 g6 
22.Kg2 Qb6 23.Rxc8 Rxc8 24.Rc1 Rxc1 25.Qxc1 Qd4 26.Ned1 Kg7 27.h4 h5 28.
Qc8 Qb6 29.Nc3 Nf6 30.Nxb5 Qxb5 31.Qc2 Qb6 32.Qc3 Nd7 33.b3 Nc5 34.Nd3 
Nxd3 35.Qxd3 Qc5 36.Qd2 Qc7 37.Kf2 b5 38.Kg2 Kf8 39.Kh2 Ke8 40.Qe2 Qc5 41.
Kg2 a4 42.bxa4 bxa4 43.Qb2 Kf8 44.Qd2 a3 45.Qd3 Qb4 46.Kf1 Ke8 47.Qe2 Ke7 
48.Qf2 Kf6 49.Qe2 g5 50.Kg1 Kg6 51.Qc2 f6 52.Kf1 g4 53.Qc8 Qb1+ 54.Kg2 
Qxa2+ 55.Kh1 Qa1+ 56.Kh2 Qb2+ 57.Kh1 Kg7 58.Qd7+ Kh6 59.Qc8 1/2-1/2

[Event "European zonal 2"]
[Site "Helsinki FIN"]
[Date "1972.??.??"]
[Round "7"]
[White "Robatsch, Karl"]
[Black "Hennings, Artur"]
[Result "1/2-1/2"]
[WhiteElo "2460"]
[BlackElo "2475"]
[EventDate "1972.07.25"]
[PlyCount "97"]

1.e4 e5 2.Nf3 Nc6 3.Bb5 a6 4.Ba4 Nf6 5.O-O Be7 6.Re1 b5 7.Bb3 d6 8.c3 O-O 
9.h3 Na5 10.Bc2 c5 11.d4 cxd4 12.cxd4 Bb7 13.d5 Bc8 14.Bd3 Qc7 15.Re2 Bd7 
16.Rc2 Qb8 17.b4 Nc4 18.Nbd2 Rc8 19.Rb1 Nb6 20.Rbb2 Ra7 21.Rxc8+ Qxc8 22.
Rc2 Rc7 23.Rxc7 Qxc7 24.Qc2 Ne8 25.Qxc7 Nxc7 26.Ne1 f5 27.f3 Bh4 28.Kf1 f4
29.Bc2 Nc4 30.Nb1 Na8 31.Nd3 Nab6 32.Ke2 Kf7 33.Bb3 h5 34.Nb2 Nxb2 35.Bxb2
Bd8 36.Bc3 Nc4 37.Bxc4 bxc4 38.Be1 Bb6 39.Nc3 g5 40.a4 Bd4 41.a5 Kg6 42.
Kf1 g4 43.hxg4 hxg4 44.Ke2 Kg5 45.Kf1 Kh5 46.Ke2 Kg5 47.Kf1 Be3 48.Ke2 
gxf3+ 49.gxf3 1/2-1/2

[Event "European zonal 2"]
[Site "Helsinki FIN"]
[Date "1972.??.??"]
[Round "7"]
[White "Schmidt, Wlodzimierz"]
[Black "Radulov, Ivan"]
[Result "0-1"]
[WhiteElo "2450"]
[BlackElo "2490"]
[EventDate "1972.07.25"]
[PlyCount "76"]

1.c4 Nf6 2.Nf3 e6 3.g3 Be7 4.Bg2 O-O 5.O-O d5 6.d4 c6 7.Qc2 Nbd7 8.b3 b6 
9.Rd1 Ba6 10.Nbd2 Rc8 11.e4 c5 12.e5 Ne8 13.dxc5 Bxc5 14.Qb2 dxc4 15.Nxc4 
b5 16.Bg5 f6 17.exf6 gxf6 18.Nce5 Rc7 19.Nxd7 Rxd7 20.Rxd7 Qxd7 21.Bh6 Ng7
22.Rc1 Bb7 23.Qd2 Qe7 24.Rd1 Bb6 25.Qd7 Rf7 26.Qxb5 Nf5 27.Bc1 e5 28.Ne1 
Nd4 29.Qc4 Bxg2 30.Kxg2 Qb7+ 31.f3 Kg7 32.g4 Rc7 33.Qd3 Ba5 34.Bb2 Ne6 35.
Kh1 Nf4 36.Qe3 Qb5 37.Qf2 Bb6 38.a4 Qa6 0-1

[Event "European zonal 2"]
[Site "Helsinki FIN"]
[Date "1972.??.??"]
[Round "7"]
[White "Westerinen, Heikki"]
[Black "Hecht, Hans-Joachim"]
[Result "1/2-1/2"]
[WhiteElo "2450"]
[BlackElo "2485"]
[EventDate "1972.07.25"]
[PlyCount "42"]

1.e4 Nf6 2.e5 Nd5 3.c4 Nb6 4.c5 Nd5 5.Nc3 e6 6.Nxd5 exd5 7.d4 d6 8.cxd6 
cxd6 9.Nf3 Nc6 10.Be2 Be7 11.O-O O-O 12.Re1 Bf5 13.Bf4 Rc8 14.Rc1 Qd7 15.
Qb3 dxe5 16.dxe5 d4 17.Bd3 Be6 18.Qd1 Nb4 19.Be4 Rxc1 20.Bxc1 Nxa2 21.Nxd4
Nxc1 1/2-1/2

[Event "European zonal 2"]
[Site "Helsinki FIN"]
[Date "1972.??.??"]
[Round "8"]
[White "Andersson, Ulf"]
[Black "Robatsch, Karl"]
[Result "1/2-1/2"]
[WhiteElo "2510"]
[BlackElo "2460"]
[EventDate "1972.07.25"]
[PlyCount "67"]

1.Nf3 c5 2.c4 Nf6 3.Nc3 d5 4.cxd5 Nxd5 5.e3 Nxc3 6.bxc3 Nd7 7.d4 e6 8.Bd3 
b6 9.O-O Bb7 10.a4 Be7 11.e4 O-O 12.Bf4 Rc8 13.Qe2 cxd4 14.cxd4 Bb4 15.
Rab1 a5 16.Rfc1 Qe7 17.h3 Ba3 18.Rxc8 Rxc8 19.Ba6 Bxa6 20.Qxa6 Qe8 21.Rb5 
Ra8 22.Qb7 Qc8 23.Qxc8+ Rxc8 24.Ne5 Nxe5 25.Bxe5 f6 26.Bf4 Rc4 27.Be3 Rxa4
28.Rxb6 Kf7 29.Ra6 Bb4 30.Ra7+ Kf8 31.Ra8+ Kf7 32.Ra7+ Kf8 33.Ra8+ Kf7 34.
Ra7+ 1/2-1/2

[Event "European zonal 2"]
[Site "Helsinki FIN"]
[Date "1972.??.??"]
[Round "8"]
[White "Gheorghiu, Florin"]
[Black "Westerinen, Heikki"]
[Result "1-0"]
[WhiteElo "2520"]
[BlackElo "2450"]
[EventDate "1972.07.25"]
[PlyCount "103"]

1.e4 e5 2.Nf3 Nc6 3.Bb5 a6 4.Ba4 Nf6 5.O-O b5 6.Bb3 Bb7 7.Re1 Bc5 8.c3 O-O
9.d4 Bb6 10.Bg5 h6 11.Bh4 Re8 12.Qd3 d6 13.Nbd2 Na5 14.Bc2 c5 15.d5 c4 16.
Qe2 Kh8 17.Nf1 g5 18.Bg3 Bc8 19.Ne3 Nh5 20.b4 cxb3 21.axb3 Nf4 22.Qd2 Rg8 
23.b4 Nc4 24.Nxc4 bxc4 25.Kh1 Bg4 26.Ng1 Qf6 27.f3 Bd7 28.Bf2 Bxf2 29.Qxf2
g4 30.fxg4 Rxg4 31.Rf1 Qg6 32.g3 Nd3 33.Qf6+ Qxf6 34.Rxf6 Kg7 35.Rxd6 Bb5 
36.Nf3 Rxe4 37.Nh4 Re2 38.Nf5+ Kf8 39.Rxh6 Kg8 40.Ba4 Nf2+ 41.Kg1 Bxa4 42.
Rxa4 e4 43.Kf1 Rd2 44.Rhxa6 Rxa6 45.Rxa6 Nd1 46.b5 Nxc3 47.b6 Kh7 48.d6 
Nd5 49.b7 e3 50.b8=Q c3 51.d7 Rf2+ 52.Kg1 1-0

[Event "European zonal 2"]
[Site "Helsinki FIN"]
[Date "1972.??.??"]
[Round "8"]
[White "Hecht, Hans-Joachim"]
[Black "Schmidt, Wlodzimierz"]
[Result "1-0"]
[WhiteElo "2485"]
[BlackElo "2450"]
[EventDate "1972.07.25"]
[PlyCount "149"]

1.e4 c5 2.Nf3 e6 3.Nc3 a6 4.g3 Nc6 5.Bg2 d6 6.O-O Nf6 7.d4 cxd4 8.Nxd4 Bd7
9.Nce2 Qc7 10.b3 Be7 11.Bb2 O-O 12.c4 Rfd8 13.Rc1 Rac8 14.Nxc6 Bxc6 15.Nf4
Qb8 16.Re1 Be8 17.Qf3 Qa7 18.Nh5 Nxh5 19.Qxh5 b5 20.Bf1 Qb7 21.Qg4 g6 22.
Qf4 bxc4 23.Bxc4 Bb5 24.Bxb5 axb5 25.a3 Rxc1 26.Rxc1 Rc8 27.Rxc8+ Qxc8 28.
Qc1 Qb7 29.Qc3 f6 30.Qd4 Kf8 31.Bc3 Qc6 32.g4 Kf7 33.h3 d5 34.exd5 exd5 
35.Bb4 Bxb4 36.Qxb4 h5 37.a4 bxa4 38.bxa4 hxg4 39.hxg4 f5 40.Qf4 Qd7 41.
Qd4 fxg4 42.a5 g3 43.a6 gxf2+ 44.Qxf2+ Kg8 45.Qd4 Qe6 46.a7 Qe1+ 47.Kg2 
Qe2+ 48.Kg3 Qe1+ 49.Kg4 Qe2+ 50.Kg5 Qh5+ 51.Kf6 Qf5+ 52.Ke7 Qf8+ 53.Kd7 
Qf7+ 54.Kd6 Qf8+ 55.Kd7 Qf7+ 56.Kd6 Qf8+ 57.Kxd5 Qc8 58.Qc5 Qd7+ 59.Kc4 
Qa4+ 60.Kc3 Qa1+ 61.Kd2 Qb2+ 62.Ke3 Qb7 63.Qc4+ Kh7 64.Qh4+ Kg7 65.Qa4 Qa8
66.Kf2 Qf8+ 67.Kg2 Qa8+ 68.Kg1 Kh7 69.Qa2 Kg7 70.Qb2+ Kh7 71.Qh2+ Kg7 72.
Qc7+ Kh6 73.Qb8 Qd5 74.Qf8+ Kh7 75.a8=Q 1-0

[Event "European zonal 2"]
[Site "Helsinki FIN"]
[Date "1972.??.??"]
[Round "8"]
[White "Matulovic, Milan"]
[Black "Matanovic, Aleksandar"]
[Result "1/2-1/2"]
[WhiteElo "2525"]
[BlackElo "2515"]
[EventDate "1972.07.25"]
[PlyCount "81"]

1.e4 e5 2.Nf3 Nc6 3.Bb5 a6 4.Ba4 Nf6 5.O-O Be7 6.Re1 b5 7.Bb3 d6 8.c3 O-O 
9.h3 Nb8 10.a4 Bb7 11.d3 Nbd7 12.axb5 axb5 13.Rxa8 Bxa8 14.Na3 Bc6 15.Nc2 
Nc5 16.Ba2 Bd7 17.Ne3 Qa8 18.Bb1 Re8 19.Nf5 Bxf5 20.exf5 Bf8 21.d4 Ncd7 
22.dxe5 dxe5 23.Ng5 h6 24.Ne4 c5 25.Qf3 c4 26.Rd1 Qa6 27.g4 Nc5 28.Be3 Qc6
29.Bxc5 Bxc5 30.Rd6 Qa8 31.Rxf6 gxf6 32.Nxf6+ Kh8 33.Be4 Qa1+ 34.Kg2 Rd8 
35.Nd5 f6 36.g5 Qc1 37.h4 fxg5 38.f6 gxh4 39.f7 Qg5+ 40.Kf1 Rf8 41.Nc7 
1/2-1/2

[Event "European zonal 2"]
[Site "Helsinki FIN"]
[Date "1972.??.??"]
[Round "8"]
[White "Radulov, Ivan"]
[Black "Jakobsen, Ole"]
[Result "1-0"]
[WhiteElo "2490"]
[BlackElo "2310"]
[EventDate "1972.07.25"]
[PlyCount "103"]

1.e4 c5 2.Nf3 d6 3.Nc3 a6 4.d4 cxd4 5.Nxd4 Nf6 6.Bc4 e6 7.Bb3 b5 8.Bg5 Be7
9.Qe2 O-O 10.f4 h6 11.Bxf6 Bxf6 12.O-O-O b4 13.Na4 Qa5 14.Qd2 Bb7 15.a3 
Bxe4 16.axb4 Qc7 17.Rhe1 d5 18.Nc5 Bxd4 19.Nxe4 Nc6 20.Ng3 g6 21.f5 exf5 
22.Kb1 Bg7 23.Qxd5 Nxb4 24.Qd6 Qxd6 25.Rxd6 Rfe8 26.Red1 f4 27.Nf1 Rac8 
28.c3 Nc6 29.Ba4 Re6 30.Rxe6 fxe6 31.Rd6 Ne5 32.Rxa6 g5 33.Nd2 Rd8 34.Ne4 
Ng4 35.h4 gxh4 36.Bb3 Ne3 37.Bxe6+ Kh8 38.Bh3 Rd1+ 39.Ka2 f3 40.gxf3 Rh1 
41.Be6 h3 42.Nf2 Rh2 43.Ng4 Rg2 44.Ra8+ Kh7 45.Nxe3 h2 46.Nxg2 Bxc3 47.
Bf5+ Kg7 48.Ra7+ Kg8 49.Nf4 h1=Q 50.Be6+ Kf8 51.Ng6+ Ke8 52.Ra8# 1-0